História e antologia da literatura portuguesa (Registo nº 2707)

Detalhes MARC
000 -Etiqueta do registo
Cabeçalho 01099nam a22003131 4500
005 - Identificador da versão
Campo de controlo 20240813121942.0
095 ## -
-- PTBN00890117
021 ## - Número do Depósito Legal
Código do país PT
Número 6208/84
100 ## - Dados gerais de processamento
Dados gerais de processamento 19970429d1997 am y0pory5003 ba
102 ## - Pais de publicação ou produção
País de publicação Portugal
101 0# - Língua de publicação
Língua do texto, banda sonora, etc. Português
106 ## - Campo de dados codificados: material textual
Dados codificados do material textual r
105 ## - Campo de dados codificados: livros
Dados codificados dos livros a z 001yy
215 ## - Descrição física 
Indicação específica da natureza do documento e extensão da espécie 71, [1] p. a 2 colns.
Outras indicações físicas il.
Dimensões 25 cm
200 1# - Titulo e menção de responsabilidade
Título próprio História e antologia da literatura portuguesa
Informação de outro título século XIII-XVI
Primeira menção de responsabilidade Fundação Calouste Gulbenkian
210 ## - Publicação, Distribuição, etc. 
Lugar da edição, distribuição, etc. Lisboa
Nome do editor, distribuidor, etc. Fundação Calouste Gulbenkian. Serv. de Bibliotecas e Apoio à Leitura
Data da publicação, distribuição, etc. [D.L. 1997]
517 1# - Outras variantes do título
Variant Title Fernão Lopes I
Variant Title Cancioneiro Geral de Garcia de Resende
Variant Title Luís de Camões
Informação de outro título <Os >Lusíadas
Variant Title Cronística e Historiografia do século XVI (I)
Variant Title Cronística e Historiografia do século XVI (II)
606 ## - Nome comum usado como assunto
Número de registo de entrada de autoridade 0001611
Palavra de ordem Literatura portuguesa
Subdivisão de assunto História
-- Antologia
Subdivisão cronológica Séc.13-16
675 ## - Classificação Decimal Universal (CDU)
Notação 821.134.3(082.2)
Edição
Língua da edição por
710 02 - Nome de colectividade-autor (responsabilidade principal)
Número de registo de entrada de autoridade 0001613
Palavra de ordem Fundação Calouste Gulbenkian
942 ## - Elementos de entrada adicionados (Koha)
Tipo de item no Koha Livro
Exemplares
Situação do levantamento Origin of item (home branch) (coded) Biblioteca de empréstimo Código de barras Cota Circulation type (not for loan) Tipo de documento Nota do exemplar Damaged status
  Biblioteca Escolar da Coca Maravilhas Biblioteca Escolar da Coca Maravilhas BECM3721/98 8 FUN   Livro Sem mensagem  
  Biblioteca Escolar da Coca Maravilhas Biblioteca Escolar da Coca Maravilhas BECM5000/01 8 FUN   Livro Sem mensagem  
  Biblioteca Escolar da Coca Maravilhas Biblioteca Escolar da Coca Maravilhas BECM5001/01 8 FUN   Livro Sem mensagem  
  Biblioteca Escolar da Coca Maravilhas Biblioteca Escolar da Coca Maravilhas BECM4953/01 8 FUN   Livro Sem mensagem  
  Biblioteca Escolar da Coca Maravilhas Biblioteca Escolar da Coca Maravilhas BECM4954/01 8 FUN   Livro Sem mensagem